Beyond sovereignty : issues for a global agenda (Record no. 114995)

MARC details
000 -LEADER
fixed length control field 00722nam a2200241Ia 4500
008 - FIXED-LENGTH DATA ELEMENTS--GENERAL INFORMATION
fixed length control field 191130s2011##################000#0#eng##
020 ## - INTERNATIONAL STANDARD BOOK NUMBER
ISBN 9780495793236
082 ## - DEWEY DECIMAL CLASSIFICATION NUMBER
Classification number 320.15 CUS
245 ## - TITLE STATEMENT
Title Beyond sovereignty : issues for a global agenda
Statement of responsibility, etc Maryann Cusimano Love [editor]
250 ## - EDITION STATEMENT
Edition statement 4th ed
260 ## - PUBLICATION, DISTRIBUTION, ETC. (IMPRINT)
Place of publication Belmont, CA
Name of publisher Wadsworth/Cengage Learning
Year of publication c2011
300 ## - PHYSICAL DESCRIPTION
Number of Pages viii, 376 p. ; 24 cm.
500 ## - GENERAL NOTE
General note Includes bibliographical references
650 ## - SUBJECT ADDED ENTRY--TOPICAL TERM
Topical Term Globalization
Topical Term International cooperation
Topical Term Sovereignty
700 ## - ADDED ENTRY--PERSONAL NAME
Personal name Cusimano, Maryann K
991 ## -
-- 350435
Holdings
Withdrawn status Lost status Damaged status Not for loan Home library Current library Shelving location Date acquired Full call number Accession Number Price effective from Koha item type
        Anna Centenary Library Anna Centenary Library 3RD FLOOR, B WING 12.10.2020 320.15 CUS 285704 12.10.2020 English Books

Find us on the map